| 000 | 01271nam a2200325 i 4500 | ||
|---|---|---|---|
| 001 | bg | ||
| 100 | 1 | _aKrebs, Charles J. | |
| 245 | 1 | 0 |
_aEkologia : _beksperymentalna analiza rozmieszczenia i liczebności / _cCharles J. Krebs ; przekł. z ang. Anna Kozakiewicz, Michał Kozakiewicz, Jakub Szacki. |
| 246 |
_iTyt. oryg.: _aEcology : the experimental analysis of distribution and abundance |
||
| 250 | _aWyd. 3. | ||
| 260 |
_aWarszawa : _bWydawnictwo Naukowe PWN, _c2001. |
||
| 300 |
_aXVI, 734, [2] s., [8] s. tabl. kolor. : _bil., mapy ; _c26 cm. |
||
| 500 | _aTyt. oryg.: "Ecology : the experimental analysis of distribution and abundance" 1994. | ||
| 504 | _aBibliogr. - Indeksy. | ||
| 650 | 4 | _aEkologia | |
| 655 | _aPodręczniki | ||
| 700 | 1 |
_aKozakiewicz, Anna. _eTł. |
|
| 700 | 1 |
_aKozakiewicz, Michał. _eTł. |
|
| 700 | 1 |
_aSzacki, Jakub. _eTł. |
|
| 020 | _a830112041X | ||
| 040 | _cBPK | ||
| 041 | 1 |
_apol _heng |
|
| 080 | _a574 | ||
| 080 | _a(07) | ||
| 920 | _a83-01-12041-X | ||
| 942 | _cKS | ||
| 008 | s pl f |000 0 pol | ||
| 999 |
_c40384 _d40384 |
||
| 856 |
_uhttp://koha.tu.koszalin.pl/cgi-bin/koha/opac-detail.pl?biblionumber=40384 _yKatalog online BPK |
||